Honduras en la década del 80: dos estrategias políticas en juego

Determina la importancia que para los Estados Unidos tiene Honduras, en relación con el proceso político actual en Centroamérica - aclara que el objetivo de la política norteamericana tiende a convertir a Honduras en una especie de vitrina "democrática" (gobierno civil con ciertas reformas...

Deskribapen osoa

Gorde:
Xehetasun bibliografikoak
Egile nagusia: Cid, José Rafael del
Erakunde egilea: Centro de Estudios Económicos y Sociales del Tercer Mundo
Formatua: Texto
Argitaratua: México: Centro de Estudios Económicos y Sociales del Tercer Mundo
Etiketak: Etiketa erantsi
Etiketarik gabe, Izan zaitez lehena erregistro honi etiketa jartzen!

MARC

LEADER 00000 a a2200000 04500
001 20679
003
040
090 |a 087700  
100 |a Cid, José Rafael del  
110 |a Centro de Estudios Económicos y Sociales del Tercer Mundo  
245 |a Honduras en la década del 80: dos estrategias políticas en juego  
260 |a México:   |b Centro de Estudios Económicos y Sociales del Tercer Mundo  
300 |a 31 p.  
520 |a Determina la importancia que para los Estados Unidos tiene Honduras, en relación con el proceso político actual en Centroamérica - aclara que el objetivo de la política norteamericana tiende a convertir a Honduras en una especie de vitrina "democrática" (gobierno civil con ciertas reformas sociales) que representan el modelo de alternativa para el resto de la región. Destaca, asimismo, el trasfondo de dicha política, en cuanto que enmascara un bastión de la contra revolución centroamericana. Examina la evolución política que llevo al poder a los liberales. Plantea que la historia política hondureña es la presente década se halla frente a dos opciones probables: Tendencia amortiguadora de las orientaciones antidemocráticas contra un estado de "seguridad nacional"  
999 |c 13059  |d 13059